000 00363nam a22001457a 4500
003 OSt
008 250215b |||||||| |||| 00| 0 eng d
020 _a9788197981760
100 _aSINGH, Kavita
245 _aEmerging Issued In Management
260 _aNew Delhi,
_bNaples India:
_c2024.
300 _a497p.
650 _aFaculty Publication
942 _2ddc
_cBK
999 _c13142
_d13142